| 000 | 01054nam a2200253 a 4500 | ||
|---|---|---|---|
| 001 | 000043837 | ||
| 005 | 20201002045010.0 | ||
| 008 | 140506s1998 dr 000 0 spa d | ||
| 040 |
_aDO-SdBNP _bspa _cBNPHU |
||
| 082 |
_a346.72930135 _bR426c |
||
| 110 | 1 |
_aRepública Dominicana _9447 |
|
| 240 | 1 | 0 | _a[Código del menor] |
| 245 | 1 | 0 |
_aLey 14-94 : _bcódigo para la protección de niños, niñas y adolescentes ; Convención Internacional de los Derechos del Niño. |
| 246 | 2 | 3 | _aCódigo del menor Ley 14-94. |
| 246 | 2 | 3 | _aConvención Internacional de los Derechos del Niño. |
| 260 |
_aSanto Domingo, _c1998. |
||
| 300 |
_a96 p. ; _c29 cm. |
||
| 590 | _aInventariado, 2018/LP | ||
| 650 | 4 |
_aNiños _xSituación legal _zRepública Dominicana _964438 |
|
| 650 | 4 |
_aDerechos del niño _zRepública Dominicana _949526 |
|
| 650 | 4 |
_aMenores _zRepública Dominicana _916468 |
|
| 711 | 2 |
_aConvención los niños, niñas y adolescentes son sujetos plenos de derechos (Ley 14-94) _d(1991 : _cSanto Domingo) _971702 |
|
| 910 | _aValidado. Control de calidad EMS | ||
| 999 |
_c43326 _d43326 |
||